banner-ar

نقود السلاطين العثمانيين / (Record no. 67586)

MARC details
000 -الفاتح
حقل البيانات ثابتة الطول 00786nam a2200229Ia 4500
005 - وقت وتاريخ اخر تعامل مع التسجيلة
رقم الضبط 20250622124032.0
008 - عناصر البيانات ثابتة الطول - معلومات عامة
حقل البيانات ثابتة الطول 250617s9999||||xx |||||||||||||| ||ara||
017 ## - رقم الايداع القانونى
رقم الايداع القانونى 2025/5309
المصدر ( الهيئة المختصة) مصر. دار الكتب
020 ## - الرقم الدولى المعيارى للكتب
الرقم الدولى المعيارى للكتاب 9786339954047
082 04 - رقم تصنيف ديوى العشرى
رقم التصنيف "737,4"
رقم المادة س ن
100 0# - المدخل الرئيسى - إسم شخصى
الإسم الشخصى سماح صبرى النجار
245 10 - بيان العنوان
العنوان نقود السلاطين العثمانيين /
بيان المسئوليه,etc تأليف سماح صبرى النجار
250 ## - بيان الطبعة
بيان الطبعة ط1
260 3# - PUBLICATION, DISTRIBUTION, ETC. (IMPRINT)
تاريخ النشر أو التوزيع 2025.
300 ## - الوصف المادى
التعداد 381ص :
تفاصيل ماديه اخرى للوعاء لوحات ؛
أبعاد الوعاء 30سم.
650 ## - المدخل الاضافى بالموضوع-مصطلح موضوعى
مصطلح موضوعي العملات
650 ## - المدخل الاضافى بالموضوع-مصطلح موضوعى
مصطلح موضوعي العملات التذكارية
650 ## - المدخل الاضافى بالموضوع-مصطلح موضوعى
مصطلح موضوعي العملات الذهبية
650 ## - المدخل الاضافى بالموضوع-مصطلح موضوعى
مصطلح موضوعي النقود
942 ## - عناصر المدخل الإضافي( كوها)
Koha [default] item type كتاب
260 3# - PUBLICATION, DISTRIBUTION, ETC. (IMPRINT)
-- القاهرة :
-- "حسن أبو شادى للأبحاث والنشر،"
Holdings
حالة التراجع حالة الفقد حالة تلف ليس للاعارة المكان المؤقت الموقع الحالى موقع الترفيف تاريخ الاكتساب اجمالي اﻻعارات تاريخ اخر مشاهدة تاريخ تفعيل السعر نوع وعاء كوها
        مكتبة القاهرة الكبرى مكتبة القاهرة الكبرى قاعة الفنون_ك عربى 06/22/2025   06/22/2025 06/22/2025 كتاب

Powered By

EGPV